|
|
|
|
| LEADER |
01424nam a2200373Ia 4500 |
| 001 |
EBC957022 |
| 003 |
MiAaPQ |
| 005 |
20200520144314.0 |
| 006 |
m o d | |
| 007 |
cr cn||||||||| |
| 008 |
120412r2012 enka sb 001 0 eng d |
| 020 |
|
|
|z 9780415523653
|
| 020 |
|
|
|z 9781136323782
|
| 035 |
|
|
|a (MiAaPQ)EBC957022
|
| 035 |
|
|
|a (Au-PeEL)EBL957022
|
| 035 |
|
|
|a (CaPaEBR)ebr10545521
|
| 035 |
|
|
|a (CaONFJC)MIL761018
|
| 035 |
|
|
|a (OCoLC)798532531
|
| 040 |
|
|
|a MiAaPQ
|c MiAaPQ
|d MiAaPQ
|
| 050 |
|
4 |
|a HC335
|b .D63 2012
|
| 100 |
1 |
|
|a Dobb, Maurice,
|d 1900-1976.
|
| 245 |
1 |
0 |
|a Soviet economic development since 1917
|h [electronic resource] /
|c Maurice Dobb.
|
| 260 |
|
|
|a London ;
|a New York :
|b Routledge,
|c 2012.
|
| 300 |
|
|
|a viii, 515 p. :
|b ill.
|
| 490 |
0 |
|
|a Collected works of Maurice Dobb ;
|v v. 6
|
| 500 |
|
|
|a Reprint of 6th rev. and enl. ed., 1966.
|
| 504 |
|
|
|a Includes bibliographical references and indexes.
|
| 533 |
|
|
|a Electronic reproduction. Ann Arbor, MI : ProQuest, 2015. Available via World Wide Web. Access may be limited to ProQuest affiliated libraries.
|
| 650 |
|
0 |
|a Economic history
|y 20th century.
|
| 651 |
|
0 |
|a Soviet Union
|x Economic conditions
|y 1917-1945.
|
| 651 |
|
0 |
|a Soviet Union
|x Economic conditions
|y 1945-1955.
|
| 655 |
|
4 |
|a Electronic books.
|
| 710 |
2 |
|
|a ProQuest (Firm)
|
| 856 |
4 |
0 |
|u https://ebookcentral.proquest.com/lib/matrademy/detail.action?docID=957022
|z Click to View
|